000 00284nam a2200121Ia 4500
008 190216s9999||||xx |||||||||||||| ||und||
100 _aDavav R S
245 0 _aLaw And Practice Of Banking
260 _bUnian Bank Of Kerala
_c1986
300 _a868p
650 _aCommerce
942 _cBK
999 _c5122
_d5122